| 000 | 00663nam a22001577a 4500 | ||
|---|---|---|---|
| 008 | 110803t xxu||||| |||| 00| 0 ara d | ||
| 082 |
_222 _a612 _bط ب ي |
||
| 245 |
_aكتاب المرشد الطبي الحديث : _bدليل صحي عملي |
||
| 260 |
_aبيروت : _bمطبعة الشرق الأوسط ، 1951 _c1951 |
||
| 300 |
_a428 ص : _bأيض، لو ؛ _c22 سم |
||
| 500 | _aيشتمل على كشاف | ||
| 650 |
_921685 _aجسم الإنسان |
||
| 650 |
_926545 _aالأعضاء والأنسجة |
||
| 942 |
_2ddc _cBB |
||
| 999 |
_c15781 _d15781 |
||